000 00554nam a2200169Ia 4500
005 20250424120227.0
008 250424s9999 xx 000 0 und d
022 _a00084085
050 _aHC 111 .C225/
245 0 _aCanadian journal of economics: revue canadienne d’economique
260 _aToronto
260 _bCanadian Economics Association by by the University of Toronto Press.
260 _c2008
300 _a379 p. ; 25 cm.
650 _aEconomics--Periodicals. Economie. Economic conditions. CANADA. Économie politique.
942 _cSR
999 _c38110
_d38110